Lifesteal (S7) - Sudden Death - Statistics

General Stats
  • This quiz has been taken 477 times
    11 since last reset
  • The average score is 7 of 37
Answers on the Grid
Answers color-coded by a green-red scale on the quiz's grid according to % correct below.
4CVIT
Adrienss
ashswagg
baconwaffles0
BranzyCraft
CakeManExtreme
Camdeeno
CHIEFXD
ClownPierce
CntBleck
Derapchu
DonTurnt
Dtowncat (Pili)
ECorridor
FlameFrags
Guiltyy
Guvoid
Hannahxxrose
Havenhand
ItsOasis
ItzSubz
Jepexx
Jojosolos
JumperWho
JustKaboodle
Leow0ok
ManePear
Mapicc
McBirken
McClutchYT
Midmysticx
MinecraftCurios
MinuteTech
MrCube6
MylesYoutube
Ohspy
Pangi
ParrotX2
Peentar
PlanetLord
Poafa
PrinceZam
Reddoons
rekrap2
roshambogames
SB737
savrise
Spepticle
SpokeIsHere
Sponker
SubParTyson
TheHorizonMC
TheRealSquiddo
TheTerrain
Vitalasy
Vort3xDragon
Wemmbu
Woogiex
Yeah_Jaron
Yungwillx
 
Answer Stats
Answer % Correct
4CVIT
67%
ClownPierce
50%
ashswagg
33%
baconwaffles0
33%
CHIEFXD
33%
Dtowncat (Pili)
33%
ECorridor
33%
FlameFrags
33%
Jepexx
33%
Mapicc
33%
PlanetLord
33%
Derapchu
17%
JumperWho
17%
ManePear
17%
MinuteTech
17%
MrCube6
17%
Pangi
17%
Peentar
17%
Poafa
17%
Reddoons
17%
rekrap2
17%
SB737
17%
SpokeIsHere
17%
TheRealSquiddo
17%
Vitalasy
17%
Vort3xDragon
17%
Woogiex
17%
Yeah_Jaron
17%
Hannahxxrose
0%
Jojosolos
0%
Leow0ok
0%
PrinceZam
0%
roshambogames
0%
Spepticle
0%
TheTerrain
0%
Wemmbu
0%
Yungwillx
0%
No matching quizzes found
Score Distribution
Percent of People with Each Score
Percentile by Number Answered
Your Score History
You have not taken this quiz since the last reset